[Event "BEL-ch op"]
[Site "Worriken Buetgenbach"]
[Date "2016.07.04"]
[Round "2.3"]
[White "Van de Vaerd, Miguel"]
[Black "Goossens, Hanne"]
[Result "1-0"]
[WhiteElo "1952"]
[BlackElo "2180"]
[PlyCount "61"]
[EventDate "2016.07.03"]
[EventType "swiss"]
[EventRounds "9"]
[EventCountry "BEL"]
[SourceTitle "EXT 2024"]
[Source "ChessBase"]
[SourceDate "2023.10.10"]
[SourceVersion "1"]
[SourceVersionDate "2023.10.10"]
[SourceQuality "1"]

1. d4 f5 2. Nf3 Nf6 3. g3 g6 4. Bg2 Bg7 5. 0-0 0-0 6. b3 d6 7. Bb2 Ne4 8. Nbd2 Nc6 9. e3 Qe8 10. Nxe4 fxe4 11. Nd2 d5 12. c4 e6 13. Ba3 Rf7 14. Rc1 a5 15. f3 exf3 16. Nxf3 Ne7 17. Qd3 Bd7 18. Ne5 Rxf1+ 19. Rxf1 Nc6 20. Ng4 Nb4 21. Qd2 Bc6 22. Nf6+ Bxf6 23. Rxf6 Kg7 24. Rf2 Qe7 25. e4 dxe4 26. d5 Be8 27. dxe6 h5 28. Bb2+ Kh7 29. Qc3 Kh6 30. Qh8+ Qh7 31. Bg7+ 1-0

[Event "Vlissingen HZ op 18th"]
[Site "Vlissingen"]
[Date "2014.08.03"]
[Round "3"]
[White "Den Hartog, Marijn"]
[Black "Van de Vaerd, Miguel"]
[Result "1-0"]
[WhiteElo "2102"]
[BlackElo "1896"]
[PlyCount "61"]
[EventDate "2014.08.02"]
[EventType "swiss"]
[EventRounds "9"]
[EventCountry "NED"]
[SourceTitle "CBM 161 Extra"]
[Source "ChessBase"]
[SourceDate "2014.08.29"]
[SourceVersion "1"]
[SourceVersionDate "2014.08.29"]
[SourceQuality "1"]

1. e4 c5 2. Nc3 Nc6 3. f4 g6 4. Nf3 Bg7 5. Bb5 Nd4 6. 0-0 Nxb5 7. Nxb5 d5 8. exd5 a6 9. Nc3 Nf6 10. d4 c4 11. Qe2 b5 12. Ne5 Bb7 13. f5 0-0 14. Bg5 Bxd5 15. Nxd5 Qxd5 16. c3 Ra7 17. Qf3 Rc7 18. Rae1 Qxf3 19. Rxf3 Nd5 20. Ng4 gxf5 21. Nh6+ Kh8 22. Nxf5 e6 23. Nd6 Rd7 24. Ne4 a5 25. Nc5 Rc7 26. Bf4 Rc6 27. Nd7 Nxf4 28. Rxf4 Rd8 29. Ne5 Bxe5 30. Rxe5 Rb8 31. Rxf7 1-0

[Event "Vlissingen HZ op 18th"]
[Site "Vlissingen"]
[Date "2014.08.02"]
[Round "1"]
[White "Ducarmon, Quinten"]
[Black "Van de Vaerd, Miguel"]
[Result "1-0"]
[WhiteElo "2479"]
[BlackElo "1896"]
[PlyCount "55"]
[EventDate "2014.08.02"]
[EventType "swiss"]
[EventRounds "9"]
[EventCountry "NED"]
[SourceTitle "CBM 161 Extra"]
[Source "ChessBase"]
[SourceDate "2014.08.29"]
[SourceVersion "1"]
[SourceVersionDate "2014.08.29"]
[SourceQuality "1"]

1. e4 c5 2. Nf3 d6 3. Bb5+ Nd7 4. 0-0 a6 5. Bd3 Ngf6 6. c3 g6 7. Bc2 Bg7 8. d4 cxd4 9. cxd4 0-0 10. Nc3 b5 11. a3 Bb7 12. Bg5 Rc8 13. Re1 Nb6 14. Qe2 Re8 15. Bb3 Qc7 16. h3 e6 17. Rac1 Qb8 18. Nd2 Nfd7 19. Qe3 Nc4 20. Nxc4 bxc4 21. Ba2 e5 22. d5 Ba8 23. Rc2 Qb6 24. Qe2 Qa5 25. Bxc4 Bb7 26. Rec1 h6 27. Be3 f5 28. b4 1-0